000 01170nam0a2200301 4500
001 RU\NLR\bibl\167417
005 20240726050900.0
020 _aRU-9382
_9Летопись авторефератов диссертаций
021 _aRU
_b98-11197a
035 _a(NLR Aleph) 000164229
090 _a945165
_c945165
100 _a20000615d1997 u u0rusy50 ca
101 0 _arus
102 _aRU
105 _ay dm |||||
200 1 _aПовышение эффективности активных операций коммерческих банков
_e(Методол. аспект)
_eАвтореф. дис. на соиск. учен. степ. к.э.н.
_eСпец. 08.00.10
_f[Науч.-исслед. финансовый ин-т]
210 _aМ.
_d1997
215 _a21 с.
_d21
320 _aБиблиогр.: с. 21 (4 назв.)
610 0 _aЭкономические науки
686 _a08.00.10
_2oksvnk
700 1 _aГрицун
_bЮ. Н.
_gЮрий Николаевич
801 0 _aRU
_bRKP
_c20000615
_gPSBO
801 1 _aRU
_bRKP
_c20000615
801 2 _aRU
_bNLR
_c20010719
_grcr
852 _aNLR
_jА98/11197
942 _cBOOK